00731nam a2200229Ia 4500003000900000008004100009040001300050040001300063041000800076100002400084245006400108250001000172260002100182260000900203300000800212490001100220490000600231600006100237942000700298999001300305952018300318IT-RoPAU120407s9999 xx 000 0 und d aIT-RoPAU cIT-RoPAU aita aMattias J. Scheeben aI misteri del cristianesimo. Essenza, significato e sintesi aRoma  aEdizioni Paoline c1962 c cm aCat.II v1 a"Ed. Morcelliana 230.2 41" cBK c170d170 00102ddc406208_30300000000000071aPAULUSbPAULUSd2012-04-11l0o208.3030r2012-04-11 00:00:00w2012-04-11yBKzInserito da: In data: n.d. fondo: Via A.Severo 56 Progr:11069